000 00511 a2200193 4500
999 _c32077
_d32077
003 OSt
005 20260114151357.0
008 260114b ||||| |||| 00| 0 eng d
020 _a978-0-19-806183-0
040 _c.
082 _a621.3815
_bK455
100 _96468
_aKharate, G. K.
245 _aDigital Electronics /
_cby G. K. Kharate
260 _bOxford University Press,
_aNew Delhi :
_c2009.
300 _a667 p.
650 0 _927
_aElectronics
650 0 _91851
_aDigital Electronics
942 _2ddc
_cBK